Inorganic and organometallic polymers : macromolecules containing silicon, phosphorus, and other inorganic elements /

Bibliographic Details
Corporate Authors: American Chemical Society. Division of Inorganic Chemistry, American Chemical Society. Division of Polymer Chemistry, American Chemical Society. Division of Polymeric Materials: Science and Engineering
Other Authors: Zeldin, Martel, 1937-, Wynne, Kenneth J., 1940-, Allcock, H. R., 1932-
Format: Book
Language:English
Published: Washington, DC : American Chemical Society, 1988.
Series:ACS symposium series ; 360.
Subjects:

MARC

Tag First Indicator Second Indicator Subfields
LEADER 00000cam a2200000 a 4500
001 in00000014361
005 20191012063424.0
008 871006s1988 dcua b 10100 eng
010 |a  87030630  
020 |a 0841214425 
035 |a (OCoLC)16901225 
035 |9 AAA6726AM 
040 |a DLC  |c DLC  |d TXA  |d UtOrBLW 
049 |a TXAM  |c [A11036613] 
050 0 0 |a QD196  |b .I535 1988 
082 0 |a 546  |2 19 
245 0 0 |a Inorganic and organometallic polymers :  |b macromolecules containing silicon, phosphorus, and other inorganic elements /  |c Martel Zeldin, editor, Kenneth J. Wynne, editor, Harry R. Allcock, editor. 
264 1 |a Washington, DC :  |b American Chemical Society,  |c 1988. 
300 |a xii, 512 pages :  |b illustrations ;  |c 24 cm. 
336 |a text  |b txt  |2 rdacontent 
337 |a unmediated  |b n  |2 rdamedia 
338 |a volume  |b nc  |2 rdacarrier 
490 1 |a ACS symposium series,  |v 360 
500 |a "Developed from a symposium sponsored by the Divisions of Inorganic Chemistry, of Polymer Chemistry, Inc., and of Polymeric Materials: Science and Engineering at the 193rd Meeting of the American Chemical Society, Denver, Colorado, April 5-10, 1987." 
504 |a Includes bibliographies and index. 
650 0 |a Inorganic polymers  |x Congresses. 
650 0 |a Organometallic polymers  |x Congresses. 
700 1 |a Zeldin, Martel,  |d 1937- 
700 1 |a Wynne, Kenneth J.,  |d 1940- 
700 1 |a Allcock, H. R.,  |d 1932- 
710 2 |a American Chemical Society.  |b Division of Inorganic Chemistry. 
710 2 |a American Chemical Society.  |b Division of Polymer Chemistry. 
710 2 |a American Chemical Society.  |b Division of Polymeric Materials: Science and Engineering. 
830 0 |a ACS symposium series ;  |v 360. 
999 |a MARS 
999 f f |s de376499-756d-3b99-8717-5c19492ee9b9  |i dcca1cbd-a260-3d92-9d9e-fee87df10bd6  |t 0 
952 f f |p ric  |a Texas A&M University  |b Rellis Campus  |c Joint Library Facility  |s JLF  |d Remote Storage  |t 0  |e QD196 .I535 1988  |h Library of Congress classification  |i unmediated -- volume  |m A14811036613 
998 f f |a QD196 .I535 1988  |t 0  |l Remote Storage